Countries in their neighbors language - Statistics

General Stats
  • This quiz has been taken 12 times
    9 since last reset
  • The average score is 5 of 8
Answer Stats
Hint Searched Country % Correct
Svizzera Switzerland
100%
Repiblik Dominikèn Dominican Republic
89%
Greqi Greece
89%
Läti Latvia
78%
Румъния Romania
56%
إسرائيل Israel
44%
越南 Vietnam
33%
Qozogʻiston Kazhakstan
11%
No matching quizzes found
Score Distribution
Percent of People with Each Score
Percentile by Number Answered
Your Score History
You have not taken this quiz since the last reset